Creep Behavior of Baked Clay (Record no. 66468)
[ view plain ]
| 000 -LEADER | |
|---|---|
| fixed length control field | 01963nam a22001337a 4500 |
| 100 ## - MAIN ENTRY--AUTHOR NAME | |
| Personal name | Jahangir Mustafa |
| -- | 15-ME(STR)-03 |
| -- | Supervisor - Dr. Nawab Ali Lakho |
| 245 ## - TITLE STATEMENT | |
| Title | Creep Behavior of Baked Clay |
| 260 ## - PUBLICATION, DISTRIBUTION, ETC. (IMPRINT) | |
| Place of publication | Nawabshah: |
| Name of publisher | QUEST, |
| Year of publication | 2019. |
| 300 ## - PHYSICAL DESCRIPTION | |
| Number of Pages | 29p. |
| 500 ## - GENERAL NOTE | |
| General note | <br/><br/><br/>ABSTRACT<br/><br/>Modern tendency is on the way to the search of local, efficient and economical material of construction. Baked clay is an environmental friendly, low cost and indigenous material of construction available in the plains of the Sindh. In order to replace traditional and costly material of construction i.e. concrete with economical material like baked clay, it is necessary to find its basic structural characteristics such as compressive strength, tensile strength, flexural strength and creep behavior . This study investigates the creep behavior of baked clay. Creep behavior of baked clay was evaluated by adopting standard testing method to find creep of concrete partially. ln this research, according to ASTM standards width to length ratio was taken as 1:11 where width of baked clay and cement mortar prisms of square cross section of 10 mm and 110 mm in length wasยท used. The baked clay prisms were placed vertically and tested in gravity loading testing frame under compression. ln this study baked clay showed negligible average creep value of only 0.0 \ 1 mm in the duration of loading of fifteen day test and no creep was found after 11th day of loading. On other hand, average creep value of cement mortar in 11 days was found to be the<br/>0.029 mm in fifteen day test and the creep of mortar continued after eleventh day. Thus baked clay creep is only 38% of that of cement mortar prisms. It was concluded that baked clay was stronger than that of cement mortar in creep behavior and this may be due to the ceramic characteristic of baked clay. |
| 700 ## - ADDED ENTRY--PERSONAL NAME | |
| Personal name | Department of Civil Engineering |
| 856 ## - ELECTRONIC LOCATION AND ACCESS | |
| Uniform Resource Identifier | http://tinyurl.com/5x5ea9ce |
| 942 ## - ADDED ENTRY ELEMENTS (KOHA) | |
| Koha item type | Thesis and Dissertation |
| Withdrawn status | Lost status | Home library | Current library | Date acquired | Accession Number | Koha item type |
|---|---|---|---|---|---|---|
| Research Section | Research Section | 16/03/2020 | MP/57-719 | Thesis and Dissertation | ||
| Research Section | Research Section | 04/01/2024 | MP/58-740 | Thesis and Dissertation |